00587cam a22002291a 4500001001300000003000400013005001700017008004100034010001700075025002000092035002000112040001700132042001200149050002000161100003200181245002400213260003800237300002000275490002500295830002000320999001700340sa 68016135 DLC20260227112652.0950420s1966 io 000 1 ind  asa 68016135  aPL480:Indo-4853 a(OCoLC)32341959 aDLCcWUdDLC apremarc00aPL5089.W554bN51 aWirasutisna, Haksan,d1915-10aNjai Sumur Bandung. aDjakarta :bBalai Pustaka,c1966. a16 p. ;c19 cm.1 aSeri batjaan remadja 0aBatjaan remadja c86928d86928